书目信息 |
| 题名: |
低压配电线路与电气照明技术问答
|
|
| 作者: | 闫和平 主编 | |
| 分册: | ||
| 出版信息: | 北京 机械工业出版社 2007.01 |
|
| 页数: | 14, 282页 | |
| 开本: | 21cm | |
| 丛书名: | 电工实用技术问答丛书 | |
| 单 册: | ||
| 中图分类: | TM726.2 | |
| 科图分类: | ||
| 主题词: | 电气照明--dian qi zhao ming--基本知识 , 低电压--di dian ya--配电线路--基本知识 | |
| 电子资源: | ||
| ISBN: | 7-111-20346-1 | |
| 000 | 01017nam 2200265 450 | |
| 001 | 012007733703 | |
| 005 | 20071010101715.89 | |
| 010 | @a7-111-20346-1@dCNY19.80 | |
| 100 | @a20070524d2007 km y0chiy0120 ea | |
| 101 | 0 | @achi |
| 102 | @aCN@b110000 | |
| 105 | @aak a 000yy | |
| 200 | 1 | @a低压配电线路与电气照明技术问答@Adi ya pei dian xian lu yu dian qi zhao ming ji shu wen da@f闫和平主编@Fyan he ping zhu bian |
| 210 | @a北京@c机械工业出版社@d2007.01 | |
| 215 | @a14, 282页@c图@d21cm | |
| 225 | 2 | @a电工实用技术问答丛书@Adian gong shi yong ji shu wen da cong shu |
| 320 | @a有书目。 | |
| 330 | @a本书共分八章,内容包括常用电工工具,低压配电线路,低压架空线路,低压接户、进户和量电装置,室内配电线路,电气照明,各类照明简介等,共计290题。 | |
| 410 | 0 | @12001 @a电工实用技术问答丛书 |
| 606 | 0 | @a电气照明@Adian qi zhao ming@x基本知识 |
| 606 | 0 | @a低电压@Adi dian ya@x配电线路@x基本知识 |
| 690 | @aTM726.2@v4 | |
| 701 | 0 | @a闫和平@Ayan he ping@4主编 |
| 801 | 0 | @aCN@c20071010 |
| 905 | @dTM726.2@eY089 | |
| 低压配电线路与电气照明技术问答/闫和平主编.-北京:机械工业出版社,2007.01 |
| 14, 282页:图;21cm.-(电工实用技术问答丛书) |
| ISBN 7-111-20346-1:CNY19.80 |
| 本书共分八章,内容包括常用电工工具,低压配电线路,低压架空线路,低压接户、进户和量电装置,室内配电线路,电气照明,各类照明简介等,共计290题。 |
| ● |
| 相关链接 |
|
|
|
正题名:低压配电线路与电气照明技术问答
索取号:TM726.2/Y089
 
预约/预借
| 序号 | 登录号 | 条形码 | 馆藏地/架位号 | 状态 | 备注 |
| 1 | 243214 | 202432144 | 自科库301/301自科库 18排1列5层/ [索取号:TM726.2/Y089] | 在馆 | |
| 2 | 243215 | 202432153 | 期刊室512/301自科库 12排3列4层/ [索取号:TM726.2/Y089] | 在馆 |